| 000 | 01391cam a22002295a 4500 | ||
|---|---|---|---|
| 001 | L138398 | ||
| 008 | 070604s2007 xxk f f000 0 eng d | ||
| 035 | _a(Sirsi) u138398 | ||
| 041 | 0 | _aeng | |
| 050 | 0 | 4 | _a333.72 $2 18 |
| 110 | 2 |
_aUnited Kingdom _bDepartment of Trade and Industry |
|
| 245 | 0 | 0 |
_aBanding the renewables obligation _h[electronic resource] |
| 260 |
_aLondon _bDTi _c2007 |
||
| 520 | _aContains detailed proposals for a renewable energies banding system designed to help the UK fulfil its Renewables Obligation (RO). Following the 2006 Energy Review the UK government announced a number of proposals for changes to the RO. These changes would provide differentiated support levels to different renewables technologies and give additional certainty on long-term Renewable Obligation Certificate prices. The Government has already published an initial consultation document (L136213) which has expired. This document provides greater detail on the proposals, including timescales. | ||
| 590 | _aKA | ||
| 650 | 2 | 4 | _aRENEWABLES OBLIGATION |
| 650 | 2 | 4 | _aDRAFT RENEWABLES OBLIGATION ORDER 2007 |
| 651 | 4 |
_aUnited Kingdom _y |
|
| 690 | _aENVIRONMENTAL AND LAND CONSULTANCY-ENERGY-RENEWABLE ENERGY | ||
| 856 | 4 | 0 |
_uhttps://www.dti.gov.uk/energy/whitepaper/consultations/renewables-organisation/page39555.html _zView the item free of charge at www.dti.gov.uk... |
| 942 | _n0 | ||
| 999 |
_c107154 _d107154 |
||